00892 2200193 4500001002100000005001500021035002000036008004100056245004600097100001500143250000600158260003400164300001200198084001400210082000800224650001000232520044400242990001200686INLIS00000000000020020240711083235 a0010-0424000176240711 1 ind 1 aJimmy Coates : Sang Pembunuh /cJoe Craig aCraig, Joe a1 aSolo :bTiga Serangkai,c2009 a250 hlm a800 JOE j a800 4aFiksi aSiapakah orang-orang misterius yang memburu Jimmy ke seluruh pelosok kota London? Mengapa mereka mengejarnya? Rahasia apakah yang dipendam oleh kedua orang tua Jimmy, dan siapakah orang yang dapat dipercayainya? Bagaimana tiba-tiba dia bisa melakukan hal-hal yang luar biasa? Jimmy Coates adalah seorang bocah dengan rahasia yang dia sendiri tak menyadarinya. Namun, rahasia yang ada dalam dirinya membuat ia harus bertarung melawan maut! a0732454